Só o amor é real (Registo nº 35183)
[ vista simples ]
| 000 -Etiqueta do registo | |
|---|---|
| Valores | 00873nam a2200325 4500 |
| 010 ## - Número ISBN | |
| ISBN | 9789727119523 |
| 021 ## - Número do Depósito Legal | |
| Código do país | Portugal |
| 100 ## - Dados gerais de processamento | |
| Dados gerais | 20221012 frey50 |
| 101 1# - Língua de publicação | |
| Língua | Português |
| 102 ## - País de publicação | |
| País | Portugal |
| 200 1# - Titulo e menção de responsabilidade | |
| Título próprio | Só o amor é real |
| Informação de outro título | a história do reencontro de almas gémeas |
| Primeira menção de responsabilidade | Brian L. Weiss |
| Outras menções de responsabilidade | trad. Manuel Bernardes |
| 205 ## - Menção da edição | |
| Edição | 4.ª ed |
| 210 ## - Publicação | |
| Local de publicação | Lisboa |
| Nome do editor | Pergaminho, |
| Data de publicação | 2011 |
| 215 ## - Descrição física | |
| Paginação / Volumes | 226, [6] p |
| Dimensões | 23 cm |
| 225 2# - Colecção | |
| Título próprio da colecção | Obras de Brian L. Weiss |
| 606 ## - Nome comum usado como assunto | |
| Palavra de ordem | Almas gémeas |
| 606 ## - Nome comum usado como assunto | |
| Palavra de ordem | Reencarnação |
| 606 ## - Nome comum usado como assunto | |
| Palavra de ordem | Hipnose |
| Subdivisão assunto | Uso terapêutico |
| 606 ## - Nome comum usado como assunto | |
| Palavra de ordem | Amor |
| 675 ## - CDU | |
| Notação | 129 |
| Edição | BN |
| Língua | por |
| 675 ## - CDU | |
| Notação | 615.851 |
| Edição | BN |
| Língua | por |
| 675 ## - CDU | |
| Notação | 159.962 |
| Edição | BN |
| Língua | por |
| 675 ## - CDU | |
| Notação | 177.61 |
| Edição | med |
| Língua | por |
| 700 #1 - Autor principal | |
| Apelido | Weiss, |
| Nome | Brian L., |
| Datas | 1944- |
| 702 #1 - Autor secundário | |
| Apelido | Bernardes, |
| Nome | Manuel |
| Função | Tradutor |
| 801 #0 - Fonte de origem | |
| País | PT |
| Agência | RMBL |
| Regras de catalogação | RPC |
| 090 ## - Tipo de documento | |
| Koha biblioitem number (autogenerated) | 35183 |
| 990 ## - Elementos KOHA | |
| Tipo de documento | Livro |
| 994 ## - Estado da catalogação | |
| Situação | Completo |
| Situação do levantamento | Situação do extravio | Biblioteca de origem | Biblioteca de empréstimo | Código de barras | Cota | Permissão de empréstimo | Tipo de documento | Forma de aquisição |
|---|---|---|---|---|---|---|---|---|
| Completo | Biblioteca da Escola Básica e Secundária Dr Isidoro de Sousa | Biblioteca da Escola Básica e Secundária Dr Isidoro de Sousa | 7039 | 129 WEI | Disponível | Livro |